000 00678cab a2200229 4500
001 WB3134-07
008 090401t1995 xxu||||| |||| 00| 0 eng d
035 _a(Sirsi) u65473
041 _aeng
245 _aHSE `too soft` on risk assessments
260 _c1995
350 _a0
490 _aContract Journal
_v7-13 September 1995, 3(1)
520 _aThe Health & Safety Executive is criticised for not enforcing compulsory risk assessments on some projects.
650 _aBUILDING DEFECTS
650 _aHEALTH AND SAFETY
_96244
650 _aHSE
650 _aRISK ASSESSMENT
690 _aBUILT ENVIRONMENT-BUILDING STANDARDS
942 _n0
948 _c04/03/1997
999 _c40826
_d40826